000 00403nam a2200157Ia 4500
008 230711s9999||||xx |||||||||||||| ||und||
041 _aENG
082 _a658
_bAG-M
100 _aAggarwal,D.K
245 0 _aManagement and principles practice and techniques
250 _a1st
260 _c1989
_aNew Delhi
_bWiley Eastern Limited
300 _a352
650 _aUNIVESITY BUSNIESS SCHOOL
942 _cBK
999 _c2003
_d2003